[Event "Nordkalotten - Brønshøj"]
[Site "?"]
[Date "2016.01.24"]
[Round "1.1"]
[White "Hillarp-Persson, BRØ (2574), Tiger"]
[Black "Hector, NOR (2517), Jonny"]
[Result "0-1"]
[BlackElo "2517"]
[WhiteElo "2574"]
[LiveChessVersion "1.4.6"]

1. d4 {[%clk 1:30:57]} d5 {[%clk 1:30:54]} 2. c4 {[%clk 1:31:22]} c6
{[%clk 1:31:17]} 3. Nf3 {[%clk 1:31:48]} Nf6 {[%clk 1:31:40]} 4. Nc3
{[%clk 1:32:14]} dxc4 {[%clk 1:32:02]} 5. a4 {[%clk 1:32:40]} Bf5
{[%clk 1:32:23]} 6. e3 {[%clk 1:33:05]} e6 {[%clk 1:32:33]} 7. Bxc4
{[%clk 1:33:28]} Bb4 {[%clk 1:32:49]} 8. O-O {[%clk 1:33:51]} Nbd7
{[%clk 1:33:12]} 9. Nh4 {[%clk 1:34:13]} Bg4 {[%clk 1:32:35]} 10. f3
{[%clk 1:34:36]} Bh5 {[%clk 1:32:49]} 11. e4 {[%clk 1:31:38]} O-O
{[%clk 1:22:13]} 12. g4 {[%clk 1:30:44]} Bg6 {[%clk 1:21:55]} 13. g5
{[%clk 1:30:38]} Ne8 {[%clk 1:21:28]} 14. Nxg6 {[%clk 1:30:59]} hxg6
{[%clk 1:21:49]} 15. f4 {[%clk 1:29:53]} Nd6 {[%clk 1:07:19]} 16. Bd3
{[%clk 1:30:13]} c5 {[%clk 1:05:52]} 17. d5 {[%clk 1:16:43]} Bxc3
{[%clk 0:59:58]} 18. bxc3 {[%clk 1:16:28]} exd5 {[%clk 0:59:47]} 19. e5
{[%clk 1:16:18]} Nf5 {[%clk 0:55:33]} 20. Rb1 {[%clk 0:32:42]} b6
{[%clk 0:48:30]} 21. Bxf5 {[%clk 0:07:08]} gxf5 {[%clk 0:48:42]} 22. Qh5
{[%clk 0:06:50]} Re8 {[%clk 0:46:13]} 23. Rf3 {[%clk 0:07:15]} Nf8
{[%clk 0:46:14]} 24. Rh3 {[%clk 0:07:37]} Ng6 {[%clk 0:46:27]} 25. Qh7+
{[%clk 0:08:03]} Kf8 {[%clk 0:46:49]} 26. Rd3 {[%clk 0:07:45]} Qd7
{[%clk 0:43:30]} 27. Ra1 {[%clk 0:08:07]} Qe6 {[%clk 0:38:20]} 28. Be3
{[%clk 0:04:48]} Qc6 {[%clk 0:30:49]} 29. Kf2 {[%clk 0:04:22]} Rad8
{[%clk 0:28:20]} 30. Kg3 {[%clk 0:04:24]} d4 {[%clk 0:26:05]} 31. cxd4
{[%clk 0:03:42]} Qe4 {[%clk 0:26:13]} 32. Rad1 {[%clk 0:03:03]} Rxd4
{[%clk 0:25:40]} 33. Bxd4 {[%clk 0:02:43]} Qxf4+ {[%clk 0:25:28]} 34. Kg2
{[%clk 0:03:04]} cxd4 {[%clk 0:20:50]} 35. Rxd4 {[%clk 0:02:42]} Qxg5+
{[%clk 0:17:26]} 36. Kh1 {[%clk 0:03:00]} Qe3 {[%clk 0:16:01]} 37. Qh5
{[%clk 0:02:03]} Qxe5 {[%clk 0:15:40]} 38. Qf3 {[%clk 0:01:50]} f4
{[%clk 0:14:15]} 39. Rd8 {[%clk 0:01:11]} Rxd8 {[%clk 0:11:46]} 40. Rxd8+
{[%clk 0:01:39]} Ke7 {[%clk 0:12:06]} 41. Rd1 {[%clk 0:02:01]} Nf8
{[%clk 0:01:47]} 42. Qd5 {[%clk 0:14:07]} Qxd5+ {[%clk 0:29:08]} 43. Rxd5
{[%clk 0:14:33]} Ke6 {[%clk 0:27:31]} 44. Rb5 {[%clk 0:11:30]} Nd7
{[%clk 0:27:15]} 45. Kg2 {[%clk 0:11:48]} a6 {[%clk 0:24:03]} 46. Rg5
{[%clk 0:09:49]} g6 {[%clk 0:24:14]} 47. Kf3 {[%clk 0:05:25]} f6 {[%clk 0:24:18]}
48. Rg1 {[%clk 0:05:46]} g5 {[%clk 0:22:48]} 49. Rc1 {[%clk 0:05:20]} Ne5+
{[%clk 0:20:44]} 50. Ke2 {[%clk 0:05:05]} g4 {[%clk 0:19:23]} 51. Rc8
{[%clk 0:05:04]} f5 {[%clk 0:18:32]} 52. Rb8 {[%clk 0:04:43]} Nc4
{[%clk 0:18:17]} 53. a5 {[%clk 0:02:57]} bxa5 {[%clk 0:18:02]} 54. Ra8
{[%clk 0:03:18]} Kd5 {[%clk 0:17:02]} 55. Rxa6 {[%clk 0:03:43]} f3+
{[%clk 4:04:45]} 56. Kf2 {[%clk 0:04:05]} Ke4 {[%clk 0:13:41]} 57. Rc6
{[%clk 0:03:56]} Ne5 {[%clk 0:13:03]} 58. Re6 {[%clk 0:02:14]} a4
{[%clk 0:11:56]} 59. Ra6 {[%clk 0:02:37]} Nd3+ {[%clk 0:12:13]} 60. Kf1
{[%clk 0:03:01]} Nc5 {[%clk 0:11:46]} 61. Rd6 {[%clk 0:02:58]} f4
{[%clk 0:10:50]} 62. Rd2 {[%clk 0:02:59]} g3 {[%clk 0:10:09]} 63. hxg3
{[%clk 0:03:25]} fxg3 {[%clk 0:10:31]} 64. Ra2 {[%clk 0:03:48]} Ke3
{[%clk 0:07:46]} 65. Ra3+ {[%clk 0:03:37]} Nb3 {[%clk 0:07:49]} 66. Kg1
{[%clk 0:03:42]} Ke2 {[%clk 0:07:49]} 0-1

[Event "Nordkalotten - Brønshøj"]
[Site "?"]
[Date "2016.01.24"]
[Round "1.2"]
[White "Brynell, NOR (2504), Stellan"]
[Black "Aabling-Thomsen, BRØ (2338), Jakob"]
[Result "1-0"]
[BlackElo "2338"]
[WhiteElo "2504"]
[LiveChessVersion "1.4.6"]

1. d4 {[%clk 1:30:52]} g6 {[%clk 1:30:55]} 2. Nf3 {[%clk 1:28:24]} Bg7
{[%clk 1:31:15]} 3. e4 {[%clk 1:26:43]} d6 {[%clk 1:31:40]} 4. c3
{[%clk 1:26:38]} Nf6 {[%clk 1:32:04]} 5. Bd3 {[%clk 1:27:01]} O-O
{[%clk 1:31:23]} 6. O-O {[%clk 1:27:17]} c5 {[%clk 1:30:58]} 7. h3
{[%clk 1:23:46]} cxd4 {[%clk 1:23:16]} 8. cxd4 {[%clk 1:23:49]} Nc6
{[%clk 1:23:16]} 9. Nc3 {[%clk 1:23:39]} a6 {[%clk 1:16:21]} 10. Be3
{[%clk 1:17:25]} b5 {[%clk 1:16:07]} 11. Rc1 {[%clk 1:04:09]} Bb7
{[%clk 1:16:10]} 12. d5 {[%clk 1:04:24]} Nb8 {[%clk 1:10:59]} 13. Nd4
{[%clk 0:56:49]} Nbd7 {[%clk 1:06:58]} 14. f3 {[%clk 0:47:50]} Rc8
{[%clk 1:04:31]} 15. Qd2 {[%clk 0:42:05]} Ne5 {[%clk 1:02:38]} 16. b3
{[%clk 0:42:25]} Nxd3 {[%clk 0:58:50]} 17. Qxd3 {[%clk 0:42:52]} Nd7
{[%clk 0:56:10]} 18. Qd2 {[%clk 0:41:54]} Nc5 {[%clk 0:49:18]} 19. Rfd1
{[%clk 0:36:21]} Rc7 {[%clk 0:37:12]} 20. Bh6 {[%clk 0:33:38]} b4
{[%clk 0:22:46]} 21. Nce2 {[%clk 0:30:29]} Bxh6 {[%clk 0:21:29]} 22. Qxh6
{[%clk 0:30:56]} e5 {[%clk 0:15:49]} 23. dxe6 {[%clk 0:30:57]} fxe6
{[%clk 0:16:08]} 24. e5 {[%clk 0:24:51]} Bd5 {[%clk 0:14:28]} 25. Nf4
{[%clk 0:24:00]} Rcf7 {[%clk 0:08:19]} 26. Nxd5 {[%clk 0:20:23]} exd5
{[%clk 0:08:48]} 27. e6 {[%clk 0:20:39]} Rf4 {[%clk 0:08:51]} 28. Nc6
{[%clk 0:06:16]} Qf6 {[%clk 0:08:58]} 29. e7 {[%clk 0:06:16]} Re8
{[%clk 0:07:37]} 30. Rxd5 {[%clk 0:06:21]} Rf5 {[%clk 0:01:40]} 31. Qd2
{[%clk 0:04:58]} Rxd5 {[%clk 0:00:44]} 32. Qxd5+ {[%clk 0:05:26]} Kg7
{[%clk 0:00:47]} 33. Rd1 {[%clk 0:05:15]} Nb7 {[%clk 0:00:36]} 34. Re1
{[%clk 0:01:59]} Nc5 {[%clk 0:00:46]} 35. Re2 {[%clk 0:01:46]} h5
{[%clk 0:00:33]} 36. Rd2 {[%clk 0:01:44]} Nb7 {[%clk 0:00:38]} 37. Rd4
{[%clk 0:01:27]} a5 {[%clk 0:00:50]} 38. h4 {[%clk 0:01:06]} Qf7 {[%clk 0:00:32]}
39. Qb5 {[%clk 0:00:56]} Rxe7 {[%clk 0:00:31]} 40. Nxe7 {[%clk 0:01:08]} Qxe7
{[%clk 0:00:59]} 41. Re4 {[%clk 0:01:05]} Qf7 {[%clk 0:29:29]} 42. Qg5
{[%clk 0:29:47]} 1-0

[Event "Nordkalotten - Brønshøj"]
[Site "?"]
[Date "2016.01.24"]
[Round "1.3"]
[White "Carstensen, BRØ (2353), Jacob"]
[Black "Sylvan, NOR (2346), Jacob"]
[Result "1/2-1/2"]
[BlackElo "2346"]
[WhiteElo "2353"]
[LiveChessVersion "1.4.6"]

1. d4 {[%clk 1:30:54]} Nf6 {[%clk 1:27:43]} 2. c4 {[%clk 1:31:00]} g6
{[%clk 1:27:58]} 3. Nc3 {[%clk 1:31:24]} Bg7 {[%clk 1:28:24]} 4. e4
{[%clk 1:31:48]} d6 {[%clk 1:28:51]} 5. Nf3 {[%clk 1:32:06]} O-O {[%clk 1:29:09]}
6. Be2 {[%clk 1:32:30]} e5 {[%clk 1:29:27]} 7. Be3 {[%clk 1:32:53]} exd4
{[%clk 1:28:58]} 8. Nxd4 {[%clk 1:33:14]} Re8 {[%clk 1:29:20]} 9. f3
{[%clk 1:33:36]} c6 {[%clk 1:29:27]} 10. Bf2 {[%clk 1:34:01]} d5 {[%clk 1:28:53]}
11. exd5 {[%clk 1:34:25]} cxd5 {[%clk 1:29:15]} 12. O-O {[%clk 1:34:49]} Nc6
{[%clk 1:26:26]} 13. c5 {[%clk 1:35:04]} Be6 {[%clk 1:19:02]} 14. Qd2
{[%clk 1:28:31]} Bf8 {[%clk 1:05:27]} 15. Na4 {[%clk 1:13:56]} Nd7
{[%clk 0:55:34]} 16. b4 {[%clk 1:12:22]} Nde5 {[%clk 0:49:33]} 17. Nxe6
{[%clk 1:05:26]} Rxe6 {[%clk 0:43:16]} 18. Rad1 {[%clk 1:01:14]} Qe8
{[%clk 0:37:54]} 19. Qxd5 {[%clk 0:43:48]} Nxb4 {[%clk 0:30:43]} 20. Qb3
{[%clk 0:43:32]} Na6 {[%clk 0:26:57]} 21. Bb5 {[%clk 0:39:46]} Nc6
{[%clk 0:25:23]} 22. Bxa6 {[%clk 0:36:13]} bxa6 {[%clk 0:25:29]} 23. Nc3
{[%clk 0:36:32]} Rb8 {[%clk 0:22:58]} 24. Qc4 {[%clk 0:34:19]} Ne5
{[%clk 0:20:59]} 25. Qd5 {[%clk 0:34:26]} Qc6 {[%clk 0:16:36]} 26. Ne4
{[%clk 0:34:38]} Be7 {[%clk 0:16:29]} 27. Qxc6 {[%clk 0:29:47]} Nxc6
{[%clk 0:16:21]} 28. Rd2 {[%clk 0:25:12]} Rb4 {[%clk 0:13:13]} 29. Rfd1
{[%clk 0:23:50]} f5 {[%clk 0:10:32]} 1/2-1/2

[Event "Nordkalotten - Brønshøj"]
[Site "?"]
[Date "2016.01.24"]
[Round "1.4"]
[White "Hove Kristensen, NOR (2376), Kåre"]
[Black "Lars Palm, BRØ (2342), Nicolaj"]
[Result "1/2-1/2"]
[BlackElo "2342"]
[WhiteElo "2376"]
[LiveChessVersion "1.4.6"]

1. c4 {[%clk 1:29:58]} e6 {[%clk 1:29:03]} 2. Nc3 {[%clk 1:30:16]} d5
{[%clk 1:29:29]} 3. d4 {[%clk 1:30:38]} Nf6 {[%clk 1:29:51]} 4. Bg5
{[%clk 1:29:10]} Be7 {[%clk 1:29:51]} 5. e3 {[%clk 1:29:11]} O-O {[%clk 1:30:12]}
6. Nf3 {[%clk 1:25:05]} Nbd7 7. cxd5 {[%clk 1:22:09]} exd5 {[%clk 1:21:17]} 8.
Qc2 {[%clk 1:18:51]} c6 {[%clk 1:21:07]} 9. Bd3 {[%clk 1:18:32]} Re8
{[%clk 1:18:20]} 10. O-O-O {[%clk 1:17:28]} Nf8 {[%clk 1:13:40]} 11. h3
{[%clk 1:16:27]} Ne4 {[%clk 0:58:12]} 12. Bf4 {[%clk 1:13:02]} Nxc3
{[%clk 0:57:00]} 13. Qxc3 {[%clk 1:09:46]} Be6 {[%clk 0:47:12]} 14. Kb1
{[%clk 1:06:25]} Qc8 {[%clk 0:40:24]} 15. g4 {[%clk 1:03:33]} f6 {[%clk 0:37:53]}
16. Qc2 {[%clk 0:45:04]} b6 {[%clk 0:33:30]} 17. Bg3 {[%clk 0:35:17]} Qb7
{[%clk 0:28:07]} 18. g5 {[%clk 0:27:30]} fxg5 {[%clk 0:23:16]} 19. h4
{[%clk 0:24:25]} g4 {[%clk 0:18:31]} 20. Ng5 {[%clk 0:19:53]} Bxg5
{[%clk 0:17:55]} 21. hxg5 {[%clk 0:20:12]} g6 {[%clk 0:18:17]} 22. Be5
{[%clk 0:18:48]} Qd7 {[%clk 0:13:40]} 23. Rh6 {[%clk 0:15:19]} Bf7
{[%clk 0:10:24]} 24. Rdh1 {[%clk 0:11:35]} Rxe5 {[%clk 0:09:08]} 25. dxe5
{[%clk 0:11:47]} Re8 {[%clk 0:08:48]} 26. Qc3 {[%clk 0:07:43]} c5
{[%clk 0:08:53]} 27. Bc2 {[%clk 0:05:26]} Qe7 {[%clk 0:06:47]} 28. R6h4
{[%clk 0:01:18]} Qxg5 {[%clk 0:06:20]} 29. Bd1 {[%clk 0:01:40]} Be6
{[%clk 0:04:12]} 30. R4h2 {[%clk 0:01:12]} Re7 {[%clk 0:03:17]} 31. Rg1
{[%clk 0:01:34]} Qf5+ {[%clk 0:02:52]} 32. Bc2 {[%clk 0:01:51]} Qf7
{[%clk 0:03:03]} 33. Bd1 {[%clk 0:02:02]} Bf5+ {[%clk 0:03:10]} 34. Ka1
{[%clk 0:02:22]} Qe6 {[%clk 0:03:16]} 35. Rhg2 {[%clk 0:02:28]} Nd7
{[%clk 0:02:21]} 36. Bxg4 {[%clk 0:02:13]} Nxe5 {[%clk 0:02:02]} 37. Bxf5
{[%clk 0:01:36]} Qxf5 {[%clk 0:02:31]} 38. f4 {[%clk 0:01:31]} Nf7
{[%clk 0:01:44]} 39. Rd2 {[%clk 0:01:02]} Qe4 {[%clk 0:00:53]} 40. Qd3
{[%clk 0:00:46]} Qf3 {[%clk 0:00:43]} 41. Rf1 {[%clk 0:19:36]} Qh3
{[%clk 0:22:07]} 42. Rdd1 {[%clk 0:16:12]} Qxe3 {[%clk 0:13:42]} 43. Qxd5
{[%clk 0:15:19]} Qe4 {[%clk 0:13:05]} 44. Qd2 {[%clk 0:11:12]} Qf5
{[%clk 0:11:32]} 45. Rfe1 {[%clk 0:10:53]} Rxe1 {[%clk 0:11:33]} 46. Rxe1
{[%clk 0:11:17]} Kf8 {[%clk 0:10:43]} 47. a3 {[%clk 0:09:29]} h6 {[%clk 0:08:23]}
48. Qe3 {[%clk 0:09:14]} Kg7 {[%clk 0:07:00]} 49. Qc3+ {[%clk 0:06:16]} Kf8
{[%clk 0:05:54]} 50. Qc4 {[%clk 0:06:04]} h5 {[%clk 0:05:17]} 51. Rd1
{[%clk 0:03:02]} Kg7 {[%clk 0:04:20]} 52. Rd5 {[%clk 0:02:58]} Qf6
{[%clk 0:02:49]} 53. Qe4 {[%clk 0:02:36]} h4 {[%clk 0:02:08]} 54. Rd3
{[%clk 0:02:46]} b5 {[%clk 0:01:43]} 55. Rh3 {[%clk 0:02:44]} c4 {[%clk 0:01:55]}
56. Qf3 {[%clk 0:02:18]} Nd6 {[%clk 0:02:03]} 57. Qf2 {[%clk 0:02:20]} Nf5
{[%clk 0:02:13]} 58. Qxa7+ {[%clk 0:02:45]} Kh6 {[%clk 0:02:34]} 59. Qb8
{[%clk 0:02:22]} Qd4 {[%clk 0:01:32]} 60. Ka2 {[%clk 0:01:08]} Kh5
{[%clk 0:01:40]} 61. Qxb5 {[%clk 0:01:22]} Qxf4 {[%clk 0:01:48]} 62. Rc3
{[%clk 0:01:40]} Qf1 {[%clk 0:00:47]} 63. Rxc4 {[%clk 0:01:45]} Qg2
{[%clk 0:00:59]} 64. Rc3 {[%clk 0:01:33]} h3 {[%clk 0:00:43]} 65. Qd3
{[%clk 0:01:53]} Kh4 {[%clk 0:00:44]} 66. Rc4+ {[%clk 0:02:16]} Kh5
{[%clk 0:00:57]} 67. Rc2 {[%clk 0:02:32]} Qg3 {[%clk 0:00:40]} 68. Qe2+
{[%clk 0:01:40]} Kh4 {[%clk 0:00:40]} 69. a4 {[%clk 0:00:42]} g5 {[%clk 0:00:51]}
70. Rc8 {[%clk 0:00:40]} g4 {[%clk 0:00:43]} 71. Qd2 {[%clk 0:00:33]} Qe5
{[%clk 0:00:56]} 72. Qd8+ {[%clk 0:00:36]} Kg3 {[%clk 0:02:13]} 73. Rc3+
{[%clk 0:01:00]} Ne3 {[%clk 0:02:23]} 74. Qd2 {[%clk 0:01:03]} Kf3
{[%clk 0:02:39]} 75. Qd1+ {[%clk 0:00:59]} Kf4 {[%clk 0:02:29]} 76. Qe2
{[%clk 0:00:36]} g3 {[%clk 0:02:14]} 77. Rb3 {[%clk 0:00:48]} Qe4
{[%clk 0:01:48]} 78. Rxe3 {[%clk 0:00:34]} Qxe3 {[%clk 0:02:09]} 79. Qf1+
{[%clk 0:00:43]} Kg4 {[%clk 0:02:29]} 80. Qd1+ {[%clk 0:01:10]} Kg5
{[%clk 0:01:41]} 81. Qd5+ {[%clk 0:01:15]} Kf4 {[%clk 0:00:59]} 82. Qf7+
{[%clk 0:01:31]} Kg4 {[%clk 0:00:52]} 83. Qd7+ {[%clk 0:01:20]} Kh4
{[%clk 0:01:15]} 84. Qh7+ {[%clk 0:01:43]} Kg4 {[%clk 0:01:39]} 85. Qd7+
{[%clk 0:02:03]} Kh4 {[%clk 0:00:46]} 86. Qh7+ {[%clk 0:02:25]} 1/2-1/2

[Event "Nordkalotten - Brønshøj"]
[Site "?"]
[Date "2016.01.24"]
[Round "1.5"]
[White "Nørskov Laursen, BRØ (2308), Niels"]
[Black "Vesterbæk Pedersen, NOR (2227), Daniel"]
[Result "1/2-1/2"]
[BlackElo "2227"]
[WhiteElo "2308"]
[LiveChessVersion "1.4.6"]

1. e4 {[%clk 1:30:56]} e5 {[%clk 1:29:49]} 2. Nf3 {[%clk 1:31:20]} Nc6
{[%clk 1:30:14]} 3. Bb5 {[%clk 1:31:46]} a6 {[%clk 1:30:15]} 4. Ba4
{[%clk 1:32:11]} Nf6 {[%clk 1:30:37]} 5. O-O {[%clk 1:32:28]} Be7
{[%clk 1:30:47]} 6. Re1 {[%clk 1:32:25]} b5 {[%clk 1:30:02]} 7. Bb3
{[%clk 1:32:50]} O-O {[%clk 1:30:24]} 8. h3 {[%clk 1:33:08]} Bb7 {[%clk 1:30:15]}
9. d3 {[%clk 1:13:20]} h6 10. Nc3 {[%clk 1:07:52]} Re8 {[%clk 1:20:37]} 11. Bd2
Bf8 {[%clk 0:57:43]} 12. Nd5 {[%clk 0:58:19]} d6 {[%clk 0:54:01]} 13. a4
{[%clk 0:54:50]} Nd4 {[%clk 0:53:39]} 14. Nxd4 {[%clk 0:54:26]} exd4 15. Qf3
{[%clk 0:44:12]} Nxd5 {[%clk 0:53:23]} 16. Bxd5 {[%clk 0:34:19]} Bxd5
{[%clk 0:53:49]} 17. exd5 g6 {[%clk 0:44:58]} 18. Re4 {[%clk 0:29:26]} Bg7
{[%clk 0:42:08]} 19. axb5 {[%clk 0:23:58]} axb5 {[%clk 0:41:42]} 20. Ra5
{[%clk 0:22:24]} Qd7 {[%clk 0:14:54]} 21. b4 {[%clk 0:19:11]} Rac8
{[%clk 0:05:04]} 22. Rxe8+ {[%clk 0:19:26]} Rxe8 {[%clk 0:04:08]} 23. Ra7 Kh7 24.
g3 {[%clk 0:14:55]} Re5 {[%clk 0:04:12]} 25. h4 {[%clk 0:14:06]} Qe7
{[%clk 0:03:42]} 26. Kf1 {[%clk 0:13:00]} Rf5 {[%clk 0:03:29]} 27. Qe4
{[%clk 0:12:16]} Re5 {[%clk 0:03:58]} 28. Qf3 {[%clk 0:12:35]} Rf5
{[%clk 0:04:18]} 29. Qe4 {[%clk 0:12:47]} Re5 {[%clk 0:04:45]} 30. Qf3
{[%clk 0:13:10]} Rf5 {[%clk 0:05:13]} 31. Qe4 {[%clk 0:13:30]} Re5
{[%clk 0:05:42]} 32. Qf3 1/2-1/2

[Event "Nordkalotten - Brønshøj"]
[Site "?"]
[Date "2016.01.24"]
[Round "1.6"]
[White "Jakobsen, NOR (2202), Peter"]
[Black "Brondt Pedersen, BRØ (2150), Peter"]
[Result "1/2-1/2"]
[BlackElo "2150"]
[WhiteElo "2202"]
[LiveChessVersion "1.4.6"]

1. Nf3 {[%clk 1:30:59]} c5 {[%clk 1:30:21]} 2. c4 {[%clk 1:31:22]} g6
{[%clk 1:28:58]} 3. e4 {[%clk 1:31:40]} Bg7 {[%clk 1:27:26]} 4. d4
{[%clk 1:32:04]} cxd4 {[%clk 1:25:57]} 5. Nxd4 {[%clk 1:32:28]} Nf6
{[%clk 1:22:57]} 6. Nc3 {[%clk 1:32:52]} d6 {[%clk 1:22:29]} 7. Be2
{[%clk 1:33:10]} O-O {[%clk 1:22:52]} 8. O-O {[%clk 1:33:30]} Nc6
{[%clk 1:21:08]} 9. Be3 {[%clk 1:33:55]} Bd7 {[%clk 1:19:31]} 10. Qd2
{[%clk 1:34:18]} Nxd4 {[%clk 1:11:21]} 11. Bxd4 {[%clk 1:34:43]} Bc6
{[%clk 1:11:14]} 12. f3 {[%clk 1:35:08]} a5 {[%clk 1:07:45]} 13. b3
{[%clk 1:35:32]} Nd7 {[%clk 1:04:34]} 14. Be3 {[%clk 1:35:55]} Nc5
{[%clk 1:02:16]} 15. Rab1 {[%clk 1:36:18]} f5 {[%clk 0:55:36]} 16. exf5
{[%clk 1:36:36]} gxf5 {[%clk 0:53:21]} 17. Nd5 {[%clk 1:26:49]} Bxd5
{[%clk 0:45:55]} 18. Qxd5+ {[%clk 1:27:04]} e6 {[%clk 0:45:35]} 19. Qd2
{[%clk 1:26:36]} Be5 {[%clk 0:36:46]} 20. Bd4 {[%clk 1:14:48]} Qf6
{[%clk 0:30:04]} 21. Bf2 {[%clk 1:06:19]} f4 {[%clk 0:26:07]} 22. Rfd1
{[%clk 1:01:47]} b6 {[%clk 0:24:07]} 1/2-1/2

[Event "Nordkalotten - Brønshøj"]
[Site "?"]
[Date "2016.01.24"]
[Round "1.7"]
[White "Mikkel Andersen, BRØ (2062), Søren"]
[Black "Ejsing, NOR (2195), Esben"]
[Result "1-0"]
[BlackElo "2195"]
[WhiteElo "2062"]
[LiveChessVersion "1.4.6"]

1. d4 {[%clk 1:30:55]} Nf6 {[%clk 1:30:28]} 2. c4 {[%clk 1:31:16]} e6
{[%clk 1:30:37]} 3. Nc3 {[%clk 1:31:32]} Bb4 {[%clk 1:30:27]} 4. Qc2
{[%clk 1:31:51]} b6 {[%clk 1:28:10]} 5. e4 {[%clk 1:31:11]} Bb7 {[%clk 1:21:53]}
6. e5 {[%clk 1:29:00]} Ng8 {[%clk 1:10:54]} 7. a3 {[%clk 1:15:48]} Bf8
{[%clk 1:00:52]} 8. f4 {[%clk 1:09:44]} Ne7 {[%clk 0:59:58]} 9. Bd3
{[%clk 0:58:35]} d5 {[%clk 0:54:32]} 10. c5 {[%clk 0:36:32]} Nec6
{[%clk 0:48:11]} 11. Nce2 {[%clk 0:34:35]} bxc5 {[%clk 0:39:37]} 12. dxc5
{[%clk 0:33:46]} a5 {[%clk 0:39:07]} 13. Nf3 {[%clk 0:30:57]} Ba6
{[%clk 0:33:54]} 14. Be3 {[%clk 0:22:36]} Nd7 {[%clk 0:29:13]} 15. Bxa6
{[%clk 0:18:29]} Rxa6 {[%clk 0:29:23]} 16. O-O {[%clk 0:18:22]} Be7
{[%clk 0:27:20]} 17. Kh1 {[%clk 0:14:25]} Qa8 {[%clk 0:24:50]} 18. Rac1
{[%clk 0:12:15]} a4 {[%clk 0:22:10]} 19. Ne1 {[%clk 0:12:02]} O-O
{[%clk 0:20:52]} 20. Nd3 {[%clk 0:12:04]} Rb8 {[%clk 0:13:33]} 21. Nd4
{[%clk 0:11:25]} Ra5 {[%clk 0:11:08]} 22. Nxc6 {[%clk 0:07:34]} Qxc6
{[%clk 0:11:31]} 23. Rf3 {[%clk 0:06:00]} Rb3 {[%clk 0:10:15]} 24. Rh3
{[%clk 0:04:46]} g6 {[%clk 0:10:22]} 25. f5 {[%clk 0:03:45]} Qb5 {[%clk 0:08:45]}
26. fxe6 {[%clk 0:03:35]} fxe6 {[%clk 0:08:59]} 27. Nf4 {[%clk 0:03:28]} Rxb2
{[%clk 0:08:42]} 28. Qd1 {[%clk 0:03:02]} Nf8 {[%clk 0:05:30]} 29. Nxd5
{[%clk 0:02:29]} Qd7 {[%clk 0:05:14]} 30. Nxe7+ {[%clk 0:01:39]} Qxe7
{[%clk 0:05:42]} 31. Qd3 {[%clk 0:01:27]} Rab5 {[%clk 0:05:42]} 32. Qc4
{[%clk 0:01:35]} Rb1 {[%clk 0:04:39]} 33. Rf3 {[%clk 0:01:39]} Nd7
{[%clk 0:03:23]} 34. Rff1 {[%clk 0:01:37]} R1b3 {[%clk 0:03:48]} 35. Qxa4
{[%clk 0:01:41]} Nxe5 {[%clk 0:03:20]} 36. Qa8+ {[%clk 0:01:43]} Rb8
{[%clk 0:03:48]} 37. Qe4 {[%clk 0:01:52]} Nf7 {[%clk 0:03:37]} 38. Ra1
{[%clk 0:02:01]} Qd7 {[%clk 0:02:39]} 39. Rfd1 {[%clk 0:01:47]} Qb5
{[%clk 0:01:33]} 40. Bg1 {[%clk 0:01:34]} Rb2 {[%clk 0:01:06]} 41. a4
{[%clk 0:28:02]} Qa6 {[%clk 0:30:33]} 42. Rd7 {[%clk 0:27:03]} R2b4
{[%clk 0:21:02]} 43. Qe1 {[%clk 0:20:39]} Qc6 {[%clk 0:20:08]} 44. Rd4
{[%clk 0:19:34]} Rb2 {[%clk 0:19:04]} 45. Rd2 {[%clk 0:19:27]} Ne5
{[%clk 0:15:36]} 46. Rxb2 {[%clk 0:18:13]} Rxb2 {[%clk 0:16:00]} 47. Qg3
{[%clk 0:18:19]} Nd3 {[%clk 0:14:26]} 48. Rd1 {[%clk 0:17:37]} Nf4
{[%clk 0:05:37]} 49. Rd8+ {[%clk 0:17:27]} 1-0